00756 a2200193 4500003000500000005001700005010001700022020004000039040000900079082001600088100001800104245004500122250002600167260004400193300005900237505015600296650003500452856007500487Nust20220804133127.0 a 2005433261 a3540240357 (hardcover : alk. paper) cNust00a621.367,JAH1 aJahne, Bernd,10aDigital image processing /cBernd Jahne. a6th rev. and ext. ed. aBerlin ;aNew York :bSpringer,cc2005. axiii, 607 p. :bill. ;c24 cm. +e1 CD-ROM (4 3/4 in.) aFoundation (Page-3), Image Formation and Preprocessing (Page-157), Feature Extraction (Page-299), Image Analysis (Page-449), Reference Part (Page-553). 0aTelecommunication Engineering.413Table of contentsuhttp://www.loc.gov/catdir/toc/fy055/2005433261.html